Countries recognized Russia as a terrorist state - Statistics

General Stats
  • This quiz has been taken 87 times
  • The average score is 5 of 8
Answer Stats
Answer % Correct
Ukraine
99%
Poland
80%
Estonia
77%
Latvia
74%
Lithuania
74%
Czechia
59%
Slovakia
58%
Netherlands
22%
No matching quizzes found
Score Distribution
Percent of People with Each Score
Percentile by Number Answered
Your Score History
You have not taken this quiz